000 00381nam a22001697a 4500
003 OSt
005 20260224155126.0
008 260224b |||||||| |||| 00| 0 eng d
040 _cFLL
041 _aENG
_dENG
100 _aSINGH, AVTAR
245 _aBANKING & NEGOTIABLE INSTRUMENT
250 _a4th
260 _aLUCKNOW
_bEBC
_c2018
300 _a582
942 _2CC
_cTB
_n0
999 _c1680160
_d1680160